000 00290nam a2200121Ia 4500
008 190216s9999||||xx |||||||||||||| ||und||
100 _aAnna Claybourne
245 0 _aComputer Dictionary For Beginners
260 _bFrank Bros & Co
_c1989
300 _a64p
650 _aComputer
942 _cBK
999 _c8584
_d8584